LEADER 00847nam0-22002891i-450- 001 990001636270403321 005 20050331121151.0 035 $a000163627 035 $aFED01000163627 035 $a(Aleph)000163627FED01 035 $a000163627 100 $a20030910d1901----km-y0itay50------ba 101 0 $aita 200 1 $aStudi comparativi sulla flora lacustre della Sicilia$fGiuseppe Lopriore 210 $aCatania$cTip. Monaco e Mollica$d1901 215 $a116 p.$d30 cm 610 0 $aFlora 676 $a581.9 700 1$aLopriore,$bGiuseppe$f<1865-1928> 801 0$aIT$bUNINA$gRICA$2UNIMARC 901 $aBK 912 $a990001636270403321 952 $a60 MISC. A 6$b2350$fFAGBC 952 $a60 582-589 B 3$b23554$fFAGBC 959 $aFAGBC 996 $aStudi comparativi sulla flora lacustre della Sicilia$9367481 997 $aUNINA LEADER 01112nam 2200337 n 450 001 9910427531703321 005 20230820153726.0 010 $a0-8031-7638-4 035 $a(CKB)5450000000009828 035 $a(NjHacI)995450000000009828 035 $a(EXLCZ)995450000000009828 100 $a20230820d2016 uy 0 101 0 $aeng 135 $aur||||||||||| 181 $ctxt$2rdacontent 182 $cc$2rdamedia 183 $acr$2rdacarrier 200 10$aFlammability and Sensitivity of Materials in Oxygen-Enriched Atmospheres $e14th Volume /$fASTM International 210 1$aWest Conshohocken, PA :$cASTM International,$d2016. 215 $a1 online resource (xii, 427 pages) 311 $a0-8031-7637-6 517 $aFlammability and Sensitivity of Materials in Oxygen-Enriched Atmospheres 606 $aMetals$xFormability 615 0$aMetals$xFormability. 676 $a620.1633 801 0$bNjHacI 801 1$bNjHacl 906 $aBOOK 912 $a9910427531703321 996 $aFlammability and Sensitivity of Materials in Oxygen-Enriched Atmospheres$93423340 997 $aUNINA LEADER 00868cam0-2200277 --450 001 9910836300703321 005 20240311125749.0 010 $a978-88-929-8325-0 100 $a20240311d2023----kmuy0itay5050 ba 101 0 $aita 102 $aIT 105 $aa 001yy 200 1 $a<>disonore delle armi$esettembre 1943$el'armistizio e la mancata difesa della frontiera orientale italiana$fRoberto Spazzali 210 $aTrieste$cAres$cI.R.C.I.$d2023 215 $a701 p.$cill.$d19 cm 225 1 $aFaretra 610 0 $aGuerra mondiale 1939-1945$aItalia$aFronte orientale$a1943 676 $a940.5345$v23$zita 700 1$aSpazzali,$bRoberto$0311982 801 0$aIT$bUNINA$gREICAT$2UNIMARC 901 $aBK 912 $a9910836300703321 952 $aSTO 151$b433/2024$fFSPBC 959 $aFSPBC 996 $aDisonore delle armi$94131863 997 $aUNINA